LIBRARY & INFORMATION CENTRE, KCAET, TAVANUR

ONLINE PUBLIC ACCESS CATALOGUE (OPAC)

Problems of information science / (Record no. 9040)

MARC details
000 -LEADER
fixed length control field 00489cam a2200181ua 4500
020 ## - INTERNATIONAL STANDARD BOOK NUMBER
ISBN 81-224-0850-8
041 ## - LANGUAGE CODE
Language code of text/sound track or separate title eng
082 ## - DEWEY DECIMAL CLASSIFICATION NUMBER
Classification number 020
Item number SAT/PR
100 ## - MAIN ENTRY--AUTHOR NAME
Personal name Satyanarayana, N.R .
245 00 - TITLE STATEMENT
Title Problems of information science /
260 ## - PUBLICATION, DISTRIBUTION, ETC. (IMPRINT)
Place of publication New Delhi :
Name of publisher New Age International Ltd ,
Year of publication 1996.
300 ## - PHYSICAL DESCRIPTION
Number of Pages 186 ; .
700 1# - ADDED ENTRY--PERSONAL NAME
Personal name Satyanarayana, R .
942 ## - ADDED ENTRY ELEMENTS (KOHA)
Koha item type Books
Holdings
Withdrawn status Lost status Damaged status Home library Current library Date acquired Full call number Accession Number Koha item type
      KAUAET KAUAET 07/04/2012 020 19968 Books
free website counter